00522nam a22001097a 4500040000800000082002700008100001700035245022000052260002600272300002700298856008700325 cRUA aAGR ONG 2009 B042 Or.1 aONG, PISETH. aeffect of wood vinegar on nutrient release from cow dung (ឥទ្ធិពលនៃទឹកខ្មេះឈើលើការបញ្ចេញសារធាតុចិញ្ចឹមពីលាមកគោ) aPhnom PenhbRUAc2009 axii, 58p.bill.c29cm. uhttps://drive.google.com/file/d/1a6fnIC61w6J0f9o22LIzrD9nrjrVJzjF/view?usp=sharing